Christmas Word Chain - Statistics

General Stats
  • This quiz has been taken 38 times
  • The average score is 16 of 20
Answer Stats
Hint Answer % Correct
Character who stole Christmas Grinch
100%
Small, pointy-eared helpers of Santa Claus Elves
97%
Reindeer with a bright red nose Rudolph
97%
Season Christmas is in Winter
94%
Christmas cocktail with rum, cream, and nutmeg Eggnog
91%
Month Christmas is in December
88%
What the wise men used to guide them to Bethlehem Star
88%
Where Santa's workshop is North Pole
85%
Can make men and houses with this biscuit Gingerbread
82%
Plant with prickly leaves and red berries Holly
82%
Can be decorated with twigs, a carrot, and a hat Snowman
82%
Word for Christmas in French, & In song The First ... Noël
79%
There are 5 gold ones in the 12 Days of Christmas song Rings
79%
Bird often on Christmas cards with a bright red breast Robin
76%
Like a big sock that you fill with presents Stocking
76%
Festive drink topped with whipped cream Hot Chocolate
71%
Christmas Number #1 by Wham! Last Christmas
68%
What you should never eat if you see it outside on a winter's day Yellow Snow
62%
Round decoration for the Christmas tree, another word for ornament Bauble
53%
Fluffy accessory, a bit like a headband, can be worn instead of a hat Earmuffs
53%
No matching quizzes found
Score Distribution
Percent of People with Each Score
Percentile by Number Answered
Your Score History
You have not taken this quiz